00167nam a2200061Ia 4500008004100000100002200041245004200063120527s9999 xx 000 0 und d aFeldman, S.Robert aEssential of Understanding psychology